Growing Cities in Dominican Republic - Statistics

General Stats
  • This quiz has been taken 10 times
  • The average score is 3 of 5
Answer Stats
Population Population Gained City % Correct
2,581,827 694,241 Santo Domingo
100%
550,753 43,335 Santiago de los Caballeros
75%
147,978 44,476 Higuey
50%
224,882 33,579 La Romana
50%
245,269 78,339 Los Alcarrizos
25%
No matching quizzes found
Score Distribution
Percent of People with Each Score
Percentile by Number Answered
Your Score History
You have not taken this quiz